Fundamentos de inmunología básica y clínica
Guardat en:
| Autor principal: | |
|---|---|
| Format: | Llibre |
| Idioma: | espanyol |
| Publicat: |
Talca
Universidad de Talca
2002
|
| Matèries: | |
| Etiquetes: |
Afegir etiqueta
Sense etiquetes, Sigues el primer a etiquetar aquest registre!
|
MARC
| LEADER | 00000nam a2200000 a 4500 | ||
|---|---|---|---|
| 001 | UCM9413 | ||
| 003 | CL-VaPUC | ||
| 008 | 030425e20020000CL |||||||||||||||||spa|d | ||
| 082 | 0 | 4 | |a 616.079 |b PAL |2 21 |
| 100 | |a Palomo G., Iván |e autor |9 589731 | ||
| 245 | 1 | 0 | |a Fundamentos de inmunología básica y clínica |
| 300 | |a 808 p | ||
| 942 | |c BK | ||
| 945 | |d 20030425 00:00:00 |a vberengu | ||
| 260 | |a Talca |b Universidad de Talca |c 2002 | ||
| 650 | 0 | |a Inmunología |9 329894 | |
| 650 | 0 | |a Antígenos |9 374469 | |
| 650 | 0 | |a Anticuerpos |9 374468 | |
| 650 | 7 | |a INMUNIZACION |2 CL-VaPUC |9 435981 | |
| 583 | |a last modification |c 20030425 00:00:00 |k Rodrigo Vera | ||
| 999 | |c 303682 |d 303680 | ||
| 952 | |0 0 |1 0 |4 0 |6 616_079000000000000_PAL_2002 |7 0 |8 A |9 365164 |a BIBCUR |b BIBCUR |d 2019-11-21 |i 3900193 |o 616.079 PAL 2002 |p 3900193 |r 2025-04-22 |w 2019-11-21 |y BK |k BCB | ||
| 952 | |0 0 |1 0 |4 0 |6 616_079000000000000_PAL_2002 |7 0 |8 A |9 365165 |a BIBCUR |b BIBCUR |d 2019-11-21 |i 3900215 |l 4 |m 1 |o 616.079 PAL 2002 |p 3900215 |r 2025-04-22 |s 2022-06-30 |w 2019-11-21 |y BK |k BCB | ||